000 00819nas a2200277 4500
001 BR2012006429
003 BR-BrBNA
005 20231205121042.0
007 ta
008 230509b bl.|||p| |||| 00| 00por d
040 _aBR-BrBNA
_bpor
_cBiblioteca Nacional de Agricultura
041 _a(Pt)
072 _aE12
100 1 _aDutra, T.R.
100 1 _aLeite, A.M.P.
100 1 _aMassad, M.D.
245 1 _aAvaliação de fatores do ambiente de trabalho em atividades de um viveiro florestal de Curvelo, Minas Gerais
650 _aEUCALIPTO
650 _aVIVEIRO
650 _aPRODUÇÃO
650 _aMUDA
650 _aERGONOMIA
773 0 _tFloresta (Brazil)
_xISSN 0015-3826
_g(Apr-Jun 2012), v. 42(2) p. 269-276
_wBR2012006429
909 _a202311
_bLúcia
_c55
_dLúcia Elande
942 _2AGRIS
_n0
_cANA
999 _c221611
_d221611